000 00963nam a2200145Ia 4500
008 220615s9999||||xx |||||||||||||| ||und||
020 _a9789610000000
022 _a2712-2840
100 _aHesse, Ralf||Kokalj, Žiga
245 0 _aAirborne laser scanning raster data visualization
_bA Guide to Good Practice
546 _aEnglish[eng]
650 _acase studies||digital heights model||geodetic measurements||geodetic methods||geographical typology||landscapes||laser scanning||laser techniques||lidar||manuals||relief forms||remote sensing||settings||spatial data||technics||tools||visualization||daljinsko zaznavanje||digitalni model višin||geodetska merjenja||geodetske metode||geografska tipologija||krajine||laserska tehnika||lasersko skeniranje||nastavitve||orodja||priročniki||prostorski podatki||reliefne oblike||študije primerov||tehnika||vizualizacija
856 _uhttps://omp.zrc-sazu.si/zalozba/catalog/view/824/3485/287-3
942 _cEB
999 _c15637
_d15637